000 01436nam a2200337 i 4500
003 EG-GICUC
005 20260510185824.0
008 260419s1995 nyu||||fr|||| 00| 0 eng d
040 _aEG-GiCUC
_beng
_cEG-GiCUC
_dEG-GiCUC
_erda
041 _aeng
_heng
_hfre
082 0 4 _221
_a341.511
_bIN.N
092 0 4 _221
099 _aLaw1 11 341.511 IN.N 1953
110 _kInternational Court Of Justice
_eAuthor.
245 _aNottebohm Case (Liechtenstein v. Guatemala) :
_bJudgments Of November 18th, 1953, And April 6th, 1955 .
_nVol.2 :
_pOral arguments.-Documents. Correspondence /
_cInternational Court Of Justice .
246 1 _aAFFAIRE NOTTEBОНМ (LIECHTENSTEIN c. GUATEMALA :
_bARRÊTS DU 18 NOVEMBRE 1953 ET DU 6 AVRIL 1955 .
264 _aNether Land :
_bInternational Court Of Justice ,
_c1953 .
300 _a708 pages ,
_c24 cm
336 _2rda content
_atext
337 _2rda media
_aComputer
338 _2rda carrier
_aOnline Resource
490 _aPleadings, Oral Arguments, Documents
500 _aIncludes Index Pages 664-692. The book is written in two languages, English and French, with each page translated from English to French in the front page.
546 _aParallel text in English and French
650 1 _aInternational law
650 1 _aInternational courts
651 1 _2qrmak
856 4 0 _uhttps://fll.law.cu.edu.eg/fulltext/bks/B11-07179.pdf
905 _a60
942 _2ddc
_cBK
_e21
_n0
999 _c71785
_d71785